000
00275nam a2200109Ia 4500
008
220204s9999 xx 000 0 und d
082
_a
331.5.024.54
_b
BOW
100
_a
Bowley, Angela
245
0
_a
Guide to manpower planning
260
_a
London
_b
Macmillan
_c
1974
942
_c
BK
999
_c
31801
_d
31801